000 00445cam a2200169ua 4500
041 _aeng
_h
082 _a574.0285
_bLAC/BI
100 _aLacroix, Zoe .
245 _aBioinformatics: managing scientific data /
_cZoe Lacroix.
_hTextual Documents
260 _a :
_bMorgan Kaufmann Publishers ,
_c2004.
300 _a441 ; .
504 _a
700 1 _aCritchlow, Terence .
942 _cBK
999 _c13346
_d13346